logo

Bir Sreshtho Munshi Abdur Rouf Library
Jhenaidah Cadet College

Wonders of space / (Record no. 8115)

MARC details
000 -LEADER
fixed length control field 01180nam a22003132 4500
001 - CONTROL NUMBER
JCCL Control Number 8115
003 - CONTROL NUMBER IDENTIFIER
JCCL marc code BD - JhCC
005 - DATE AND TIME OF LATEST TRANSACTION
control field 20180218191121.0
008 - FIXED-LENGTH DATA ELEMENTS--GENERAL INFORMATION
fixed length control field 690423r19681965enkad 001 0 eng d
020 ## - INTERNATIONAL STANDARD BOOK NUMBER
International Standard Book Number 0601089081
035 ## - SYSTEM CONTROL NUMBER
system control number (BD - JhCC)8115
040 ## - CATALOGING SOURCE
Original cataloging agency UKM
Transcribing agency UKM
Modifying agency EQO
-- BD - JhCC
041 ## - LANGUAGE CODE
Language code of Book eng
082 04 - DEWEY DECIMAL CLASSIFICATION NUMBER
Classification number 523
DDC Edition number 18
Author mark and Year WYL1965
100 1# - MAIN ENTRY--PERSONAL NAME
Personal name Wyler, Rose.
240 14 - UNIFORM TITLE
Uniform title New golden book of astronomy.
245 10 - TITLE STATEMENT
Title Wonders of space /
Statement of responsibility, etc by Rose Wyler and Gerald Ames ; edited and with a foreword by Donald H. Menzel ; illustrated by John Polgreen ; additional illustrations for this edition by George Solonevich.
260 ## - PUBLICATION, DISTRIBUTION, ETC. (IMPRINT)
Place of publication, distribution, etc Feltham :
Name of publisher, distributor, etc Hamlyn,
Date of publication, distribution, etc 1968.
300 ## - PHYSICAL DESCRIPTION
Pagination 3-104 p. :
Other physical details col. ill., col. charts ;
Dimensions 29 cm.
500 ## - GENERAL NOTE
General note Includes chapters on astronautics. Col. charts on lining papers.
500 ## - GENERAL NOTE
General note Originally published as: The new golden book of astronomy : an introduction to the wonders of space. New York : Golden Press, 1965.
650 #0 - SUBJECT ADDED ENTRY--TOPICAL TERM
Topical term or geographic name as entry element Astronomy.
700 1# - ADDED ENTRY--PERSONAL NAME
Personal name Ames, Gerald.
700 1# - ADDED ENTRY--PERSONAL NAME
Personal name Menzel, Donald H.
Fuller form of name (Donald Howard),
Dates associated with a name 1901-1976
700 1# - ADDED ENTRY--PERSONAL NAME
Personal name Polgreen, John.
700 1# - ADDED ENTRY--PERSONAL NAME
Personal name Solonevich, George.
942 ## - ADDED ENTRY ELEMENTS (KOHA)
Source of classification or shelving scheme Dewey Decimal Classification
Koha item type Books
Holdings
Source of classification or shelving scheme Damaged status Not for loan Home library Current library Shelving location Total Checkouts Full call number Barcode Date last seen Copy number Koha item type
Dewey Decimal Classification     JCC Rouf Library JCC Rouf Library General Stacks   523 WYL1965 10698 02/18/2018 C - 1 Books

JCC Library | Contacts | JCC Home

Last Update on 23 September 2017
Copyright @ 2017-2020 JCC Rouf Library
Rouf Library, Jhenidah Cadet College (JCC), Bangladesh